Normal view
MARC view
- Namboothri, A.P.P .
Entry Personal Name
001 - CONTROL NUMBER
- control field: 1724
003 - CONTROL NUMBER IDENTIFIER
- control field: OSt
005 - DATE AND TIME OF LATEST TRANSACTION
- control field: 20161007141701.0
008 - FIXED-LENGTH DATA ELEMENTS
- fixed length control field: 161007|| aca||aabn | a|a d
040 ## - CATALOGING SOURCE
- Original cataloging agency: OSt
- Transcribing agency: OSt
100 ## - HEADING--PERSONAL NAME
- Personal name: Namboothri, A.P.P .
670 ## - SOURCE DATA FOUND
- Source citation: Work cat.: (OSt)11687: Namboothri, A.P.P ., Kavithayilekkoru Kythiri / , 1960.
